000 00518nam a22001817a 4500
005 20260515164339.0
008 260515b |||||||| |||| 00| 0 eng d
020 _a9780128016350
_c3149.69
040 _aMAIN
041 _aEnglish
082 _a005.8
_bSAM
100 _aSammons, Joohn
_926833
245 _aBasics of Digital Forensics
_b: The Primer for Getting Started in Digital Forensics
260 _aLondon
_bElsevier
_c2015
300 _a180
650 _aComputer Science (PM (USHA)
_926808
942 _cBK
999 _c60817
_d60817